000 00432nam a2200169Ia 4500
008 230524s9999 xx 000 0 und d
020 _a9788123925721
082 _bJAI
100 _aA.K.Jairath
245 0 _aProblems and Solutions of Control Systems with Essential Theory
250 _a6
260 _aNew Delhi
_bCBS
_c2015
300 _a"xiii,650p;"
500 _aQuantity Number: 2
650 _aElectrical
942 _cBK
999 _c55335
_d55335